|
|
|
|
| LEADER |
00000nam0a2200000 4500 |
| 001 |
349627 |
| 005 |
20231102010224.0 |
| 035 |
|
|
|a (RuTPU)RU\TPU\retro\2373
|
| 090 |
|
|
|a 349627
|
| 100 |
|
|
|a 20180731d1926 km y0rusy50 ca
|
| 101 |
1 |
|
|a rus
|c eng
|
| 102 |
|
|
|a RU
|
| 105 |
|
|
|a y z 000zy
|
| 200 |
1 |
|
|a Трагедия расточительства
|e пер. с англ.
|f С. Чэз
|
| 210 |
|
|
|a Москва
|c Гостехиздат
|d 1926
|
| 215 |
|
|
|a 140 с.
|
| 225 |
1 |
|
|a Инженерно-промышленная библиотека
|v № XIV-9
|
| 316 |
|
|
|5 63413507: КР-5599
|a На обложке и титульном листе владельческая подпись "Бутаков"
|
| 317 |
|
|
|5 63413507: КР-5599
|a Поступила в НТБ в 1970 г. в составе книжного собрания профессора ТПИ И. Н. Бутакова
|
| 606 |
1 |
|
|a США
|x Экономика
|2 stltpush
|3 (RuTPU)RU\TPU\subj\37021
|9 58190
|
| 610 |
1 |
|
|a промышленность
|
| 610 |
1 |
|
|a производство
|
| 610 |
1 |
|
|a потребности
|
| 610 |
1 |
|
|a потребление
|
| 610 |
1 |
|
|a потери
|
| 610 |
1 |
|
|a спекуляция
|
| 610 |
1 |
|
|a реклама
|
| 610 |
1 |
|
|a безработица
|
| 610 |
1 |
|
|a координирование
|
| 610 |
1 |
|
|a отрасли промышленности
|
| 610 |
1 |
|
|a распределение
|
| 610 |
1 |
|
|a естественные ресурсы
|
| 610 |
1 |
|
|a истощение
|
| 610 |
1 |
|
|a библиотека И. Н. Бутакова
|
| 610 |
1 |
|
|a владельческая надпись
|
| 686 |
|
|
|a У9(71США)
|v LBC/SL-A
|2 rubbk
|
| 700 |
|
1 |
|a Чэз
|b С.
|g Стюарт
|
| 801 |
|
1 |
|a RU
|b 63413507
|c 20180731
|
| 801 |
|
2 |
|a RU
|b 63413507
|c 20181227
|g RCR
|
| 942 |
|
|
|c BK
|